00779nam a22002657a 450000500170000000800410001702000180005804100080007608200180008410000310010224501620013326000140029526000110030926000090032030000180032965000130034765000180036065000220037865000180040065000290041865000130044765000130046065000250047365000150049820180416111205.0150505b xxu||||| |||| 00| 0 spa d a9789875913035 aspa a371.782 M539b aMendoza González, Brenda aBullying, los múltiples rostros del abuso escolar: estrategias para identificar, detener y cambiar la agresividad y la violencia a través de competencias aArgentina bBrujas c2014 a240 páginas aBULLYING aACOSO ESCOLAR aVIOLENCIA ESCOLAR aCYBERBULLYING aTIPOS DE VICTIMIZACIÓN aACOSADOR aMALTRATO aAUTOCONTROL DE ENOJO aAUTOESTIMA